000 00559nam a2200205 a 4500
001 BRCA_6631
005 20190320205533.0
008 101011s1912----mx-a######---#000-0#spa-#
041 _aspa
044 _amx
050 4 _aF1226
_b.Z37 1912
100 1 _aZárate, Julio
_d1844-1917
_916610
245 1 0 _aCompendio de la historia general de México
_cJulio Zárate.
260 _aParís, México
_bLibrería de la Viuda de Ch. Bouret
_c1912
300 _a323 p.
_bil.
_c18 cm.
500 _aL122
650 1 4 _aMéxico
_94504
902 _aGFM
942 _2lcc
_cB
999 _c6315
_d6315